Štátna pomoc a jej regulácia

Štátna podpora v jednotlivých oblastiach hospodárstva so zreteľom na jej kontrolu a reguláciu, ktorá predstavuje jeden z nástrojov politiky hospodárskej súťaže.

Guardado en:
Detalles Bibliográficos
Autor principal: Holzerová, Patrícia, 1995-
Formato: Capítulo de libro
Lenguaje:eslovaco
Materias:
Etiquetas: Agregar Etiqueta
Sin Etiquetas, Sea el primero en etiquetar este registro!

MARC

LEADER 00000naa$a2200000$$$4500
001 0280341
005 20240502074342.2
041 0 |a slo 
044 |a SK 
245 1 0 |a Štátna pomoc a jej regulácia  |c Patrícia Holzerová 
520 |a Štátna podpora v jednotlivých oblastiach hospodárstva so zreteľom na jej kontrolu a reguláciu, ktorá predstavuje jeden z nástrojov politiky hospodárskej súťaže. 
610 2 0 |a podpora štátna 
610 2 0 |a súťaž hospodárska 
610 2 0 |a regulácia 
610 2 0 |a kontrola 
100 1 |a Holzerová, Patrícia, 1995-